Statistics for Scientific Equipment (by picture)

Click here to take the quiz!

General Stats

  • This quiz has been taken 145 times
  • The average score is 7 of 16

Answer Stats

Answer% Correct
Microscope
97%
Stethoscope
93%
Thermometer
88%
Telescope
85%
Protractor
63%
Barometer
51%
Sphygmomanometer
33%
Caliper
31%
Sextant
27%
Slide Rule
24%
Endoscope
20%
Micrometer
16%
Oscilloscope
14%
Anemometer
13%
Astrolabe
5%
Orrery
5%

Score Distribution

Percentile by Number Answered

Percent of People with Each Score

Your Score History

You have not taken this quiz